Giáo trình lý thuyết và bài tập Foxpro T.1 /

Cuốn sách "Giáo trình lý thuyết và bài tập Foxpro" nhằm phục vụ cho sinh viên, học sinh và những người tự học lập trình tin học.

Đã lưu trong:
Bibliografiske detaljer
Hovedforfatter: Nguyễn Đình Tê.
Andre forfattere: Hoàng Đức Hải.
Format: Bog
Sprog:Vietnamese
Udgivet: Hà Nội : Giáo dục, 1999.
Fag:
Tags: Tilføj Tag
Ingen Tags, Vær først til at tagge denne postø!
Thư viện lưu trữ: Mạng thư viện Đại học Đà Nẵng
LEADER 01168cam a2200385 i 4500
001 000042983
003 858
005 20030916091720.0
008 010217b1999 vm 000 vie
020 |c 76000 
022 |a T 
040 |a IRC  |c IRC  |d IRC 
041 0 |a vie 
082 1 4 |a 005.3  |b NG-T 
100 1 |a Nguyễn Đình Tê. 
245 0 0 |a Giáo trình lý thuyết và bài tập Foxpro  |n T.1 /  |c Nguyễn Đình Tê, Hoàng Đức Hải. 
260 |a Hà Nội :  |b Giáo dục,  |c 1999. 
300 |a 612tr. ;  |c 23,3cm. 
520 3 |a Cuốn sách "Giáo trình lý thuyết và bài tập Foxpro" nhằm phục vụ cho sinh viên, học sinh và những người tự học lập trình tin học. 
630 0 4 |a Tin học. 
630 0 4 |a Giáo trình. 
630 0 4 |a Foxpro. 
630 0 4 |a Computer program language. 
650 0 4 |a Foxpro (Ngôn ngữ lập trình máy tính) 
700 1 |a Hoàng Đức Hải. 
OWN |a DUT 
999 |a From the UDN01 
TYP |a Monograph 
TYP |a Printed language 
980 |a Mạng thư viện Đại học Đà Nẵng